| 000 | 00709nam a2200217 i 4500 | ||
|---|---|---|---|
| 001 | 181325 | ||
| 003 | ES-MaACL | ||
| 005 | 20230906221331.0 | ||
| 008 | 121210s2007 sp a | |||||||| | spa d | ||
| 020 | _a978-84-96890-32-9 | ||
| 080 | _a929 Coll, José Luis (082.2) | ||
| 245 | 0 | 0 |
_aJosé Luis Coll _b: in memoriam (liber amicorum) / _cJosé Vicente Ávila... [et al.]. |
| 260 |
_a[Cuenca] : _bDiputación de Cuenca, _c[2007] |
||
| 300 |
_a166 p. : _bil. ; _c20 cm. |
||
| 490 | 1 |
_aColección Atalaya ; _vn. 23 |
|
| 600 | 0 | 4 |
_aColl, José Luis. _939614 |
| 700 | 1 |
_aÁvila, José Vicente. _9151942 |
|
| 830 | 0 |
_aColección Atalaya ; _vn. 23 _9191431 |
|
| 852 |
_aES-MaACL _jN-5375 |
||
| 999 |
_c181325 _d181325 |
||